000 00483nam a2200193Ia 4500
005 20240823052331.0
008 240823s9999||||xx |||||||||||||| ||und||
020 _a978-0-521-14903-7
041 _aENGLISH
082 _A620.5 P9
100 _aLukas Novotny and Bert Hecht
245 0 _aPrinciples of nano-Optics
250 _a1st
260 _c2009
_bCambridege University Press
500 _aYES
650 _aNano Optics
_bNano Technology
942 _cBK
999 _c221623
_d221623